000 00366nam a22001457a 4500
020 _a8185814104
040 _cNUST
082 _a658.72
_bMEN'P
100 _aK.S Menon
_9126135
245 _aPurchasing and Inventory Control
250 _aThird Edition
260 _aIndia:
_bA.H. Wheeler,
_c1995.
650 _2Purchasing and Inventory Control
942 _2ddc
_cBK
999 _c611897
_d611897